000 01196nam a2200313Ia 4500
005 20220317001509.0
008 161108s2015 mx ao g 000 0 s
020 _a9786075191997
082 0 4 _a530
_bS27f5
100 1 _aSerway, Raymond A.
245 1 0 _aFísica
_bpara ciencias e ingeniería, 2
_cRaymond A. Serway, John W. Jewett ; traducción María del Carmen Rodríguez Pedroza ; revisión técnica Ernesto Filio López
250 _a9a. edición
300 _a689-1484 páginas
_cilustraciones, fotografías en color y blanco y negro
_c27 cm
505 _aElectricidad y magnetismo -- Luz y óptica -- Física moderna
534 _tphysics for scientists and engineers
650 1 4 _2LEMB
_aFísica
650 1 4 _2LEMB
_aÓptica
_vEnseñanza
650 1 4 _2LEMB
_aFísica
_vEnseñanaza
650 1 4 _2LEMB
_aElectricidad
650 1 4 _2LEMB
_aLuz
700 1 _aJewett, John W.
_97767
700 1 _aRodríguez Pedroza, María del Carmen
_etraductora
_974422
942 _2ddc
_cBK
264 _aMéxico
_bCengage Learning
_c2015
336 _atexto
_btxt
_2rdacontent
337 _asin mediación
_bn
_2rdamedia
338 _avolumen
_bnc
_2rdacarrier
040 _aCO-BoRNBP
_bspa
_erda
_cCO-BoRNBP
999 _c7166
_d7166